Formula 1 Drivers in 1991 - Statistics

General Stats
  • This quiz has been taken 106 times
  • The average score is 21 of 41
Answer Stats
Team Answer Country % Correct
McLaren-Honda Ayrton Senna Brazil
99%
Williams-Renault Nigel Mansell United Kingdom
96%
Ferrari Alain Prost France
95%
Jordan-Ford, Benetton-Ford Michael Schumacher Germany
94%
Benetton-Ford Nelson Piquet Brazil
94%
Williams-Renault Riccardo Patrese Italy
90%
McLaren-Honda Gerhard Berger Austria
89%
Ferrari Jean Alesi France
89%
Lotus-Jedd Mika Häkkinen Finland
83%
Dallara-Judd Jyrki Järvilehto Finland
70%
Ligier-Lamborghini Thierry Boutsen Belgium
68%
Brabham-Yamaha Martin Brundle United Kingdom
63%
Jordan-Ford Andrea De Cesaris Italy
60%
Footwork-Ford, Footwork-Porsche Michele Alboreto Italy
59%
Lotus-Judd Johnny Herbert United Kingdom
58%
Tyrrell-Honda Satoru Nakajima Japan
57%
Lola-Ford Aguri Suzuki Japan
54%
Leyton House-Ilmor Ivan Capelli Italy
52%
Brabham-Yamaha Mark Blundell United Kingdom
52%
Footwork-Ford, Footwork-Porsche, AGS-Ford Stefan Johansson Sweden
52%
Jordan-Ford, Lola-Ford Bertrand Gachot Belgium
51%
Lambo-Lamborghini Nicola Larini Italy
49%
Minardi-Ferrari Pierluigi Martini Italy
43%
Jordan-Ford, Minardi-Ferrari, Benetton-Ford Roberto Moreno Brazil
42%
Ferrari, Minardi-Ferrari Gianni Morbidelli Italy
40%
Tyrrell-Honda Stefano Modena Italy
40%
Leyton House-Ilmor Maurício Gugelmin Brazil
38%
Leyton House-Ilmor Karl Wendlinger Austria
35%
Lola-Ford Éric Bernard France
30%
Ligier-Lamborghini Érik Comas France
28%
Jordan-Ford Alessandro Zanardi Italy
26%
Lambo-Lamborghini Eric van de Poele Belgium
25%
AGS-Ford, Fondmetal-Ford Gabriele Tarquini Italy
25%
Footwork-Ford, Footwork-Porsche Alex Caffi Italy
20%
Dallara-Judd Emanuele Pirro Italy
20%
AGS-Ford, Fondmetal-Ford Olivier Grouillard France
17%
Coloni-Ford Pedro Chaves Portugal
17%
Lotus-Judd Julian Bailey United Kingdom
16%
Lotus-Judd Michael Bartels Germany
15%
AGS-Ford Fabrizio Barbazza Italy
11%
Coloni-Ford Naoki Hattori Japan
11%
No matching quizzes found
Score Distribution
Percent of People with Each Score
Percentile by Number Answered
Your Score History
You have not taken this quiz